000 01136nam a2200277 i 4500
001 18947
003 ES-MaACL
007 t|
008 020416s2001 sp ||||1| spa d
020 _a84-7506-514-7
080 _a904(728):7.031.2(=87)(083.824)
080 _a904(72):7.031.2(=87)(083.824)
245 0 0 _aDescubridores del pasado en Mesoamérica /
_c[coordinación editorial, Lucinda Gutiérrez y Gabriela Pardo].
260 _a[Madrid] :
_bTurner ;
_aCiudad de México :
_bDGE Ediciones,
_c2001.
300 _a383 p. :
_bil. col. y n. ;
_c31 cm.
650 1 4 _aExcavaciones arqueológicas-
_zAmérica Central-
_vExposiciones.
_912636
650 1 4 _aExcavaciones arqueológicas-
_zMéxico-
_vExposiciones.
_912641
651 4 _aAmérica Central-
_xRestos arqueológicos precolombinos-
_vExposiciones.
_97710
651 4 _aMéxico-
_xRestos arqueológicos precolombinos-
_vExposiciones.
_99077
655 7 _2tgfbne
_9193628
_aCatálogos de exposiciones
700 1 _aGutiérrez, Lucinda.
_961065
700 1 _aPardo, Gabriela.
_988965
852 _aES-MaACL
_jG-5998
_bR.131573
942 _2udc
999 _c18947
_d18947